000 00555nam a22001937a 4500
003 KOHA_MİRAKIL
005 20241003053855.0
008 241002b2016 tu ||||| |||| 00| 0 tur d
020 _a9789944611695
040 _aTR-AnABB
_btur
_cTR-AnABB
041 _atur
082 _a894.8117
_bELA 2016
100 1 _aElangkannan, Singai Ma
_928
245 1 0 _aŞafakta açan çiçekler /
_cSingai Ma Elangkannan.
260 _aİstanbul :
_bTekin Yayınevi,
_c2016.
300 _a206 sayfa ;
_c21 cm.
650 _aTamil edebiyatı, roman
_929
942 _2ddc
_cBK
999 _c6644
_d6644
900 _bCan Çelik